MARC

LEADER 00000nam0a2200000 4500
001 132676
005 20260401162547.0
035 |a (RuTPU)RU\TPU\book\143661 
090 |a 132676 
100 |a 20080305d1984 m y0rusy5003 ca 
101 0 |a rus 
102 |a BY 
105 |a a z 000ab 
200 1 |a Чкалов  |e Биографическая повесть  |f Г. Ф. Байдуков 
210 |a Минск  |c Юнацтва  |d 1984 
215 |a 335 с.  |c 16 л. ил., карт.  |d 21 см 
600 1 |a Чкалов  |b В. П.  |c российский летчик-испытатель, комбриг  |c Герой Советского Союза  |f 1904-1938  |g Валерий Павлович  |2 stltpush  |3 (RuTPU)RU\TPU\pers\20358  |9 8141 
606 |a Русская литература современная  |2 stltpush  |3 (RuTPU)RU\TPU\subj\18776  |9 50316 
610 1 |a летчики 
610 1 |a авиация 
610 1 |a история 
610 1 |a биографическая проза 
610 1 |a СССР 
675 |a Р2  |v 4 
700 1 |a Байдуков  |b Г. Ф.  |c российский летчик  |c генерал-полковник авиации  |c Герой Советского Союза  |f 1907-1994  |g Георгий Филипович  |3 (RuTPU)RU\TPU\pers\12454  |9 3461 
801 0 |a RU  |b RuMRKP  |c 19950704  |g psbo 
801 1 |a RU  |b 63413507  |c 20080305  |g PSBO 
801 2 |a RU  |b 63413507  |c 20160330  |g PSBO 
942 |c BK